CLASSICAL MECHANICS (Record no. 216997)

MARC details
000 -LEADER
fixed length control field 00526nam a22001697a 4500
008 - FIXED-LENGTH DATA ELEMENTS--GENERAL INFORMATION
fixed length control field 260417b |||||||| |||| 00| 0 eng d
020 ## - INTERNATIONAL STANDARD BOOK NUMBER
International Standard Book Number 978-81-203-3331-4
050 ## - LIBRARY OF CONGRESS CALL NUMBER
Classification number QA 805 .A 78 2024
100 ## - MAIN ENTRY--PERSONAL NAME
Personal name ARULDHAS, G
245 ## - TITLE STATEMENT
Title CLASSICAL MECHANICS
260 ## - PUBLICATION, DISTRIBUTION, ETC.
Place of publication, distribution, etc. DELHI,
Name of publisher, distributor, etc. PHI LEARNING PRIVATE LIMITED,
Date of publication, distribution, etc. 2024
300 ## - PHYSICAL DESCRIPTION
Extent Xii, 360 P, ILL
500 ## - GENERAL NOTE
General note INCLUDES INDEX
650 ## - SUBJECT ADDED ENTRY
Topical term or geographic name entry element 1.Mechanics-Textbooks 2. Classical mechanics-Textbooks 3.Lagrangian mechanics—Textbooks
942 ## - ADDED ENTRY ELEMENTS (KOHA)
Source of classification or shelving scheme Library of Congress Classification
Koha item type Long Loan Book
Holdings
Withdrawn status Lost status Source of classification or shelving scheme Damaged status Not for loan Collection Home library Current library Shelving location Date acquired Inventory number Total checkouts Full call number Barcode Date last seen Copy number Price effective from Koha item type
    Library of Congress Classification     Science & Technology Kisii University Library Kisii University Library On Display 04/17/2026 112821   QA 805 .A 78 2024 000000011183 04/17/2026 1 04/17/2026 Long Loan Book
    Library of Congress Classification     Science & Technology Kisii University Library Kisii University Library On Display 04/17/2026 112822   QA 805 .A 78 2024 A000343 04/17/2026 2 04/17/2026 Long Loan Book
    Library of Congress Classification     Science & Technology Kisii University Library Kisii University Library On Display 04/17/2026 112823   QA 805 .A 78 2024 A000392 04/17/2026 3 04/17/2026 Long Loan Book
    Library of Congress Classification     Science & Technology Kisii University Library Kisii University Library On Display 04/17/2026 112824   QA 805 .A 78 2024 A000391 04/17/2026 4 04/17/2026 Long Loan Book